000 00597nam a2200205Ia 4500
003 OSt
005 20240913112708.0
008 220927b |||||||| |||| 00| 0 eng d
020 _a0521229286
037 _cTextual
040 _aSDCL
_cSDCL
_beng
041 _2eng
_aeng
082 _aY:fp1,N84 M4
100 _aSkocpol, Theda Ed.
_9454380
245 0 _aVision and method in histroical sociology.
260 _aCambridge :
_bCambridge University Press,
_c1984.
300 _axiii,410p.
942 _hY:fp1,N84 M4
_cTEXL
_2CC
999 _c768160
_d768160